Datum a čas kvízu
28
Celkem bodů
Celkový počet nahraných bodů na tomto kvízu bez doplňovacích otázek.
1.
Pořadí na kvízu
Konečné umístění týmu na tomto kvízu.
Zaznamenané odpovědi
| # | Otázka | Odpověď | Body | Výsledky |
|---|---|---|---|---|
| 1. | Jistá velká česká společnost o... | 1 | ||
| 2. | Za přísných bezpečnostních opa... | 1 | ||
| 3. | Nejstreamovanější kapela roku... | 0 | ||
| 4. | Na grafu vidíme propad hodnoty... | 1 | ||
| 5. | Londýnský fotbalový klub Fulha... | 1 | ||
| 5. | Jak se jmenuje herečka v roli... | 1 | ||
| 5. | Jak se jmenuje značka, s níž j... | 1 | ||
| 8. | Dvojnásobná olympijská vítězka... | 0 | ||
| 5. | Herečku Hanu Vagnerovou můžeme... | 1 | ||
| 10. | Přiřaďte jména známých osobnos... | 1 |